| 000 | 00660nam a22001937a 4500 | ||
|---|---|---|---|
| 008 | 160921b xxu||||| |||| 00| 0 eng d | ||
| 020 | _a0538841907 | ||
| 020 | _a9780538841900 | ||
| 050 |
_aHD 30.22 _b.T78 1994 |
||
| 100 | _aTruett, Lila J. | ||
| 245 |
_aManagerial economics : _banalysis, problems and cases/ _cLila J. Truett and Dale B. Truett. |
||
| 250 | _a5th ed. | ||
| 260 |
_aOhio, (Cincinnati): _bSouth-Western College ; _cc1995. |
||
| 300 |
_axiv, 684p. : _bill. ; _c 24cm. |
||
| 500 | _aIncludes appendix and index. | ||
| 650 | _aManagerial economics. | ||
| 700 | _aTruett, Dale B. | ||
| 942 |
_2lcc _cBOOKS _hHD 30.22 .T78 1994 |
||
| 999 |
_c13923 _d13923 |
||